Proceedings ELMAR-2018 : 60th International symposium. Zadar, Croatia. September 16-19, 2018

Saved in:
Bibliographic Details
Corporate Author: 60th International Symposium ELMAR-2018 Zadar, Chorvátsko
Other Authors: Grgić, Mislav (Editor), Muštra, Mario (Editor), Vitas Dijana (Editor), Zovko-Cihlar, Branka (Editor), Afric Winton (Reviewer), Ancuti, Codruta (Reviewer)
Format: Conference Proceeding Book
Language:English
Published: Zagreb : University of Zagreb, 2018
Edition:1. ed.
Tags: Add Tag
No Tags, Be the first to tag this record!

MARC

LEADER 00000nam a22000003a 4500
001 0067411
003 SK-STU
005 20200526130841.7
007 ta
008 160929s ----xo-----e------100-0-----d
020 |a 978-953-184-244-0 
020 |a 978-953-184-239-6 (online) 
022 |a 1334-2630 
024 7 |2 IEEE  |a CFP18825-PRT 
040 |a STU  |b slo 
041 0 |a eng 
044 |a ci 
111 2 |a 60th International Symposium ELMAR-2018  |d 16.-19. 9. 2018 :  |c Zadar, Chorvátsko 
245 1 0 |a Proceedings ELMAR-2018 :  |b 60th International symposium. Zadar, Croatia. September 16-19, 2018 
250 |a 1. ed. 
260 |a Zagreb :  |b University of Zagreb,  |c 2018 
300 |a 232 s. 
700 1 |a Grgić, Mislav  |r Z6  |4 edt 
700 1 |a Muštra, Mario  |4 edt 
700 1 |a Vitas Dijana  |r Z6  |4 edt 
700 1 |a Zovko-Cihlar, Branka  |4 edt 
700 1 |a Afric Winton  |r Z6  |4 rev 
700 1 |a Ancuti, Codruta  |r Z6  |4 rev 
996 |b 284EO00481  |c E*O-481  |l EE0102  |s P  |a 0  |w 0067411_0001